Návrh výroby etylesteru kyseliny octovej reaktívnou destiláciou

Uložené v:
Podrobná bibliografia
Hlavný autor: Kurčina, Martin (Autor)
Ďalší autori: Markoš, Jozef (Vedúci práce)
Médium: Rukopis Kniha
Jazyk:Slovak
Vydavateľské údaje: 2015
Predmet:
On-line prístup:http://is.stuba.sk/zp/portal_zp.pl?podrobnosti=93456
Tagy: Pridať tag
Žiadne tagy, Buďte prvý, kto otaguje tento záznam!

MARC

LEADER 00000ntm a22000003a 4500
001 stuzp53065
003 SK-STU
005 20160719154352.6
007 ta
008 150427s2015----xo-----f-mn---000-0-slo-d
040 |a STU  |b slo 
041 0 |a slo 
100 1 |a Kurčina, Martin  |u 046230  |4 aut  |U FCHPT Ústav chemického a environmentálneho inžinierstva  |T FCHPT Oddelenie chemického a biochemického inžinierstva  |X 43124  |U C6230  |Y 119  |7 43124 
242 0 1 |a Design of a Reactive Distillation Process to Produce Ethyl Acetate  |y eng 
245 1 0 |a Návrh výroby etylesteru kyseliny octovej reaktívnou destiláciou 
260 |c 2015 
650 4 |a esterifikácia  |2 slo 
650 4 |a návrh procesu  |2 slo 
650 4 |a etylester kyseliny octovej  |2 slo 
650 4 |a etylacetát  |2 slo 
650 4 |a reaktívna destilácia  |2 slo 
650 4 |a esterification  |2 eng 
650 4 |a reactive distillation  |2 eng 
650 4 |a process design  |2 eng 
650 4 |a ethyl acetate  |2 eng 
700 1 |a Markoš, Jozef  |4 ths  |X 3883  |7 A000003883 
856 4 |u http://is.stuba.sk/zp/portal_zp.pl?podrobnosti=93456 
SQL |a stuzp53065  |b DBP  |c SLO  |d Návrh výroby etylesteru kyseliny octovej reaktívnou destiláciou  |e 43124  |f Kurčina, Martin  |g 046230  |h 3883  |i Markoš, Jozef  |j 20150714  |k 106  |l 04  |m http://is.stuba.sk/zp/portal_zp.pl?podrobnosti=93456  |n B-CHI  |o 5.2.17. chemické inžinierstvo